000
00314nam a22001217a 4500
020
_a
07-001536-8
082
_a
658.5 MAN'W
100
_a
HARVEY, P.D,WILSON, F.W
_9
56990
245
_a
MANUFACTURING PLANNING AND ESTIMATING HANDBOOK
260
_a
NEWYORK
_b
MCGRAW HILL
_c
1963
300
_a
XIII, 20-80P
942
_c
BK
999
_c
584073
_d
584073